LEADER 01010nam a2200229 i 4500 001 000000126883 003 CaOOAMICUS 005 20190308095248.0 008 040527n gw u000 u lat u 013 $a99591 040 $aSeMil$bita 240 10$aReportata parisiensia, annotationibus marginalibus, Doctorúmque celebriorum ante quamlibet Quaestionem citationibus exornata et Scholijs per textum insertis illustrata : Tomi undecimi, pars prima.$0(OLS)http://semarc/title/187157 245 10$a11.1. 300 $a554 p. 700 1 $aDuns Scotus, Ioannes,$c.$0(OLS)http://semarc/name/109102 773 0 $aDuns Scotus, Ioannes $tOpera omnia.$bRistampa anastatica.$dHildesheim : Olms, 1968-1969.$g11$w()11698 850 $aSeMil 852 $aSeMil$W1$xVenegono$y1$m2N IV 14$j81227$B81227$CSeMilBibl$Z2$F83373 $81 900 1 $aDuns Scoto, Giovanni. 996 $6245$a11.1$9(OLS)http://semarc/title/187156 LEADER 01052nam a2200217 i 4500 001 000000189619 003 CaOOAMICUS 005 20100513000000.0 008 100513s1931 it u000 u ita u 013 $a167893 040 $aSeMil$bita 100 1 $aColombo, Sisto.$0(OLS)http://semarc/name/4937 245 10$aBreve storia del servo di Dio Don Andrea Beltrami Sacerdote Salesiano da Omegna 1870-1897 /$cSac. Sisto Colombo Salesiano. 260 $aTorino [etc.] :$bSocietà Editrice Internazionale,$cstampa 1931. 300 $a230 p. :$bill. ;$c20 cm. 500 $aIn testa al front : La passiflora serafica. 600 14$aBeltrami, Andrea .$0(OLS)http://semarc/subject/35710 850 $aSeMil 852 $aSeMil$W1$xVenegono$y1$m3F I 533$j270933$B140250$CSeMilBibl$Z2$F151867 $81 996 $6245$aBreve storia del servo di Dio Don Andrea Beltrami Sacerdote Salesiano da Omegna 1870-1897$9(OLS)http://semarc/title/273022 996 $6260$aTorino [etc.] :$bSocietà Editrice Internazionale$9(OLS)http://semarc/publisher/31170